| 000 | 01126cam a22003255i 4500 | ||
|---|---|---|---|
| 999 |
_c28650 _d28621 |
||
| 001 | 012303203 | ||
| 003 | EG-ScBUE | ||
| 005 | 20200902114407.0 | ||
| 008 | 960529r19981996enka f b 001 0 eng d | ||
| 020 | _a0702018996 | ||
| 020 | _a9780702018992 | ||
| 040 |
_aUk _beng _erda _cUk _dEG-ScBUE |
||
| 082 | 0 | 4 |
_a615.321 _bEVA _222 |
| 100 | 1 |
_aEvans, William Charles, _eauthor. |
|
| 245 | 1 | 0 |
_aTrease and Evans' pharmacognosy / _cWilliam Charles Evans, BPharm, BSc, PhD, DSc, FIBiol, FLS, FRPharmS, Formerly Reader in Phytochemistry, University of Nottingham, Nottingham, UK. |
| 246 | 3 | _aPharmacognosy | |
| 250 | _aFourteenth edition. | ||
| 250 | _aSecond printing. | ||
| 264 | 1 |
_aLondon : _bWB Saunders Caompany Ltd., _c1998. |
|
| 300 |
_aviii, 612 pages : _billustrations ; _c26 cm |
||
| 336 |
_atext _btxt _2rdacontent |
||
| 337 |
_aunmediated _bn _2rdamedia |
||
| 338 |
_avolume _bnc _2rdacarrier |
||
| 500 | _aPrevious ed.: 1989. | ||
| 500 | _aFourteenth edition by 1996. | ||
| 504 | _aIncludes bibliographical references and index. | ||
| 650 | 0 | _aPharmacognosy. | |
| 653 | 1 |
_bENGCHE _cAugust2020 |
|
| 942 |
_2ddc _cBB |
||